Le webmarketing et son implémentation - cas d’une entreprise selectionnée diplomová práca

Guardado en:
Detalles Bibliográficos
Autor principal: Tsaptset Heutchou, Charles François
Autor Corporativo: Obchodná fakulta EU. Katedra marketingu
Otros Autores: Kita, Pavol
Formato: Libro
Lenguaje:francés
Publicado: Bratislava 2021
Etiquetas: Agregar Etiqueta
Sin Etiquetas, Sea el primero en etiquetar este registro!

MARC

LEADER 00000nbm a2200000 4500
001 0274530
005 20220131134753.6
041 0 |a fre 
044 |a SK 
245 1 0 |a Le webmarketing et son implémentation - cas d’une entreprise selectionnée  |b diplomová práca  |c Charles François Tsaptset Heutchou ; školiteľ: Pavol Kita 
264 1 |a Bratislava  |c 2021 
300 |a 53 s. 
100 1 |a Tsaptset Heutchou, Charles François 
700 1 |a Kita, Pavol 
710 2 |a Obchodná fakulta EU. Katedra marketingu